Energy policies of IEA countries Italy 2003 review
Guardado en:
| Autor Corporativo: | |
|---|---|
| Formato: | Libro |
| Lenguaje: | inglés |
| Publicado: |
Paris
OECD
2003
|
| Materias: | |
| Etiquetas: |
Sin Etiquetas, Sea el primero en etiquetar este registro!
|
MARC
| LEADER | 00000nam a2200000 4500 | ||
|---|---|---|---|
| 001 | 0017638 | ||
| 005 | 20240315120600.7 | ||
| 020 | |a 92-64-01476-4 | ||
| 041 | 0 | |a eng | |
| 044 | |a FR | ||
| 245 | 1 | 0 | |a Energy policies of IEA countries |b Italy 2003 review |
| 264 | 1 | |a Paris |b OECD |c 2003 | |
| 300 | |a 154 s. | ||
| 610 | 2 | 0 | |a energetika |
| 610 | 2 | 0 | |a energia |
| 610 | 2 | 0 | |a palivá |
| 610 | 2 | 0 | |a ropa |
| 610 | 2 | 0 | |a plyn zemný |
| 610 | 2 | 0 | |a bilancia energetická |
| 610 | 2 | 0 | |a elektrina |
| 610 | 2 | 0 | |a energia atómová |
| 610 | 2 | 0 | |a výskum |
| 610 | 2 | 0 | |a údaje štatistické |
| 610 | 2 | 0 | |a efektívnosť |
| 610 | 2 | 0 | |a prostredie životné |
| 610 | 2 | 0 | |a Taliansko |
| 710 | 2 | |a OECD. International Energy Agency | |